Score 0/11 Timer 02:00
0 Plays Today
Scramble Word % Correct
AGTEGate
98.4%
LIGRGirl
94.5%
UERLRule
93.6%
BLEOGGlobe
80.5%
TTKIECTicket
71.4%
ORPOYTIPUNTOpportunity
63.6%
TASETState
63.2%
Word in common with the aboveGolden
50%
ITAORRatio
35.6%
PRGEOHGopher
26.3%
VRRIEETRERetriever
22.2%
Remove Ads.
Support Sporcle.
Get the best of Sporcle when you Go Orange. This ad-free experience offers more features, more stats, and more fun while also helping to support Sporcle. Thank you for becoming a member.

You're not logged in!

Compare scores with friends on all Sporcle quizzes.
OR
Log In

Show Comments

Extras

Top Quizzes Today


Score Distribution

Your Account Isn't Verified!

In order to create a playlist on Sporcle, you need to verify the email address you used during registration. Go to your Sporcle Settings to finish the process.

Report this User

Report this user for behavior that violates our Community Guidelines.

Details: